Estrategias de pensamiento constructivo
Salvato in:
| Autore principale: | |
|---|---|
| Natura: | Libro |
| Lingua: | spagnolo |
| Pubblicazione: |
Madrid
Escuela Española
1996
|
| Soggetti: | |
| Tags: |
Aggiungi Tag
Nessun Tag, puoi essere il primo ad aggiungerne!!
|
MARC
| LEADER | 00000nam a2200000 a 4500 | ||
|---|---|---|---|
| 001 | UCP0945 | ||
| 003 | CL-VaPUC | ||
| 008 | 990326e19960000SP |||||||||||||||||spa|d | ||
| 082 | 0 | 4 | |a 370.15 |b CAL |2 21 |
| 100 | 0 | |a Calvo Novell, Carmen |e author |9 426640 | |
| 245 | 1 | 0 | |a Estrategias de pensamiento constructivo |
| 300 | |a 2 v | ||
| 942 | |c BK | ||
| 945 | |d 19990326 00:00:00 |a rbrito | ||
| 260 | |a Madrid |b Escuela Española |c 1996 | ||
| 650 | 0 | |a Psicología del aprendizaje |9 306854 | |
| 650 | 0 | |a Psicología educacional |9 307830 | |
| 650 | 0 | |a Pensamiento |9 307612 | |
| 650 | 0 | |a Educación básica |9 224933 | |
| 583 | |a last modification |c 19990326 00:00:00 |k Rodrigo Vera | ||
| 999 | |c 279675 |d 279673 | ||
| 952 | |0 0 |1 0 |4 0 |6 370_150000000000000_CAL_1996 |7 0 |8 A |9 319335 |a BIBEDU |b BIBEDU |d 2019-11-20 |h v.1 |i 347335K |o 370.15 CAL 1996 |p 347335K |r 2019-11-20 |w 2019-11-20 |y BK |k EPE | ||
| 952 | |0 0 |1 0 |4 0 |6 370_150000000000000_CAL_1996 |7 0 |8 A |9 319336 |a BIBEDU |b BIBEDU |d 2019-11-20 |h v.2 |i 3473341 |o 370.15 CAL 1996 |p 3473341 |r 2019-11-20 |w 2019-11-20 |y BK |k EPE | ||